Pays d'Afrique en 90 secondes - Statistiques

Statistiques générales
  • Ce quiz a été pris 133 fois
  • Le résultat moyen est 13 sur 54
Réponses sur la Carte
Les réponses sont colorées sur une échelle allant du rouge au vert en fonction du pourcentage des utilisateurs qui les ont devinées à leur premier essai. Vous pouvez retrouver ces pourcentages ci-dessous.
 
Statistiques - réponses
Réponse % Correct
Algerie
57%
Afrique du Sud
51%
Egypte
44%
Ethiopie
40%
Madagascar
40%
Angola
38%
Comores
38%
Erythrée
35%
Maroc
35%
Burkina Faso
33%
Cap-Vert
33%
Kenya
32%
Cameroun
30%
Mauritanie
30%
Djibouti
29%
Gambie
29%
Guinée Equatoriale
29%
Botswana
27%
Lesotho
27%
Libye
27%
Mozambique
27%
Liberia
25%
Soudan
25%
Burundi
24%
Namibie
24%
République Démocratique du Congo
24%
Cote d'Ivoire
22%
Gabon
22%
Niger
22%
Sao Tomé-et-Principe
22%
Seychelles
22%
Malawi
21%
Mali
21%
République Centrafricaine
21%
Soudan du Sud
21%
Tunisie
21%
Benin
19%
Guinée
19%
Ouganda
19%
Tchad
19%
République du Congo
17%
Sénégal
17%
Nigeria
16%
Guinée-Bissau
14%
ile Maurice
14%
Rwanda
14%
Somalie
14%
Sierra Leone
11%
Ghana
10%
Tanzanie
10%
Zambie
10%
Togo
8%
Ghana
6%
Zimbabwe
5%
Aucun quiz correspondant
Distribution des résultats
% des personnes avec chaque résultat
Percentile par nombre de réponses
Votre historique - résultats
Vous n’avez pas pris ce quiz